| 000 | 00975cab a2200229 4500 | ||
|---|---|---|---|
| 001 | E2707 | ||
| 008 | 090401t1996 xxu||||| |||| 00| 0 eng d | ||
| 035 | _a(Sirsi) u40587 | ||
| 041 | _aeng | ||
| 245 | _aBarry d Trentham Ltd v McNeil | ||
| 260 | _c1996 | ||
| 350 | _a0 | ||
| 490 |
_aScots Law Times _v1996 SLT 202-207(6) |
||
| 520 | _aOuter House. Lord Penrose. 16 June 1995. Contract - building contract - construction - employer withholding part of payment due under interim valuation certificate - whther clauses founded on by employer part of contract bills or part of appendix - whether clauses enforceable given inconsistencies with standard conditions. | ||
| 650 | _aBUILT ENVIRONMENT-BUILDING CONTRACT FORMS | ||
| 650 | _aINTERIM PAYMENTS | ||
| 650 | _aINTERIM VALUATION CERIFICATE | ||
| 650 | _aSTANDARD FORM OF BUILDING CONTRACT (PRIVATE EDITION WITH QUANTITIES)(1 | ||
| 690 | _aBUILDING AND CONSTRUCTION-CASE LAW | ||
| 942 | _n0 | ||
| 948 | _c04/03/1997 | ||
| 999 |
_c26003 _d26003 |
||